THE USBORNE ILLUSTRATED DICTIONARY OF PHYSICS (Record no. 1417)
[ view plain ]
| 000 -LEADER | |
|---|---|
| fixed length control field | 00465nam a22001577a 4500 |
| 020 ## - INTERNATIONAL STANDARD BOOK NUMBER | |
| ISBN | 978-1-4095-3164-7 |
| 082 ## - DEWEY DECIMAL CLASSIFICATION NUMBER | |
| Classification number | 530 |
| Item number | STO/U |
| 100 ## - MAIN ENTRY--AUTHOR NAME | |
| Personal name | STOCKLEY, CORINNE |
| 100 ## - MAIN ENTRY--AUTHOR NAME | |
| Personal name | OXLADE, CHRIS |
| 245 ## - TITLE STATEMENT | |
| Title | THE USBORNE ILLUSTRATED DICTIONARY OF PHYSICS |
| Remainder of title | DICTIONARY OF PHYSICS |
| 246 ## - VARYING FORM OF TITLE | |
| Title proper/short title | THE USBORNE ILLUSTRATED DICTIONARY OF PHYSICS |
| Remainder of title | DICTIONARY OF PHYSICS |
| 260 ## - PUBLICATION, DISTRIBUTION, ETC. (IMPRINT) | |
| Place of publication | UAE |
| 520 ## - SUMMARY, ETC. | |
| Summary, etc | DICTIONARY OF PHYSICS |
| 650 ## - SUBJECT ADDED ENTRY--TOPICAL TERM | |
| Topical Term | DICTIONARY OF PHYSICS |
| 942 ## - ADDED ENTRY ELEMENTS (KOHA) | |
| Koha item type | Books |
| Withdrawn status | Lost status | Collection code | Home library | Current library | Shelving location | Date acquired | Source of acquisition | Cost, normal purchase price | Full call number | Accession Number | Koha item type |
|---|---|---|---|---|---|---|---|---|---|---|---|
| Reference | Main Library | Main Library | SHELF-5C REFERENCE PHYSICS | 24/09/2014 | Purchase | 225.00 | 530 STO/U | 07382 | Books |